Povstanie

Časopis organizoval partizánske hnutie medzi civilným obyvateľstvom, najmä medzi študentmi Hornej Nitry. Ich línia sa stotožňovala s ideológiou komunistickej strany

Bibliographic Details
Corporate Authors: Prievidza Okresný revolučný národný výbor (Publisher), Patria (Prievidza) (tlač.)
Format: Journal
Language:Slovak
PhysicalDescription:3 čís. 43 x 29 cm
Published: Prievidza Okresný revolučný národný výbor 1944
Subjects:

MARC

LEADER 00000nas a22000001a 4500
001 vtls010300356
003 SK-MaSNL
005 20260228163327.0
008 110810d19441944xo cr p r 0 b0slo
015 |a SNBDS17XX9999 
015 |a 0412  |2 Fedor 1939-44 
038 |a SNKBUDS 
040 |a SNK  |b slo  |c SNK  |e AACR2 
041 0 |a slo 
044 |a xo  |c SK 
245 0 0 |a Povstanie 
260 |a Prievidza  |b Okresný revolučný národný výbor  |c 1944 
300 |a 3 čís.  |c 43 x 29 cm 
310 |a 2x týždenne 
362 0 |a Roč. I, č. 1 (3.9.1944)-č. 3 (sept. 1944) 
500 |a Vych. v Prievidzi (dva razy do týždňa) v náklade 2-3.000 výtlačkov 
500 |a Vyd. Okresný revolučný národný výbor v Prievidzi 
500 |a Rozmnož. tlačou (Patria, Prievidza) 
500 |a Kolportovali ho v oblasti Hornej Nitry. 4. číslo z 13. 9. 1944, ktoré bolo už vysádzané a malo vyjsť v náklade 6.000 výtlačkov, nevyšlo pre nápor Nemcov na Prievidzu 
500 |a Redigoval ho redakčný kruh: Karol Študenc, Ján Fintora, Emil Vojtila, Ján Krajči, K. Lazarová a i. 
500 |a Vych. od 3. 9. 1944. Jeho vydávanie bolo schválené sekretariátom KSS v B. Bystrici 
505 8 0 |g Roč. I. 1944 3 čís. po 2 s. 
520 |a Časopis organizoval partizánske hnutie medzi civilným obyvateľstvom, najmä medzi študentmi Hornej Nitry. Ich línia sa stotožňovala s ideológiou komunistickej strany 
650 0 7 |a partizánske hnutie  |2 SNKBUDS  |9 28865 
650 0 7 |a politika  |2 SNKPH  |9 968 
655 7 |a časopisy partizánskeho odboja  |2 SNKBUDS  |9 273684 
700 1 |a Študenc, Karol  |4 red  |9 271086 
700 1 |a Fintora, Ján  |4 red  |9 273685 
700 1 |a Vojtila, Emil  |4 red  |9 273686 
700 1 |a Krajčí, Ján  |4 red  |9 268953 
700 1 |a Lazarová, K.  |4 red  |9 273687 
710 1 |a Prievidza  |b Okresný revolučný národný výbor  |e vydav.  |9 273688 
710 2 |a Patria (Prievidza)  |e tlač.  |9 273689 
852 |a SNK  |b 10000  |h ČSA 548 
999 |c 9243  |d 11173